000 00439cam a22001337a 4500
008 180718b1978 xxu||||| |||| 00| 0 eng d
082 _aA99 R13/D535
100 _aRai, Lala Lajpat
245 _aStory of my lifr: an unknown fragment
_cby Lala Lajpat Rai and edited by Joginder Singh Dhanki
260 _aNew Delhi
_bGitanjali Prakashan
_c1978
300 _a120p.
650 _aRai, Lala Lajpat, 1865-1928
700 _aDhanki, Joginder Singh
999 _c352054
_d352054